000 00790pam a2200241 a 4500
001 4376931
005 20180227091832.0
008 910102s1991 njua b 001 0 eng
010 _a 91000133
020 _a0133651983 :
_c$32.25
040 _aDLC
_cDLC
_dDLC
041 _aeng
080 _a635.9823 NEL
082 0 0 _a635.9823 NEL
_220
100 1 _a54
101 _aMEN
245 1 0 _aGreenhouse operation and management /
_cPaul V. Nelson.
504 _aIncludes bibliographical references and index.
740 0 _aGreenhouse operation and management.
906 _a7
_bcbc
_corignew
_d1
_eocip
_f19
_gy-gencatlg
942 _2ddc
_cBK
999 _c43642
_d43642